000
00319nam a22001337a 4500
008
181008b xxu||||| |||| 00| 0 eng d
020
_a
9780471655282
041
_a
eng
080
_2
6th
_a
330.722
100
_a
61
101
_a
KF
245
_a
Financial Accounting in an Economic Context
_c
Pratt,J
942
_2
udc
_c
BK
999
_c
48990
_d
48990